Embedded multitasking with small microcontroller (Record no. 177079)

000 -LEADER
fixed length control field 00379nam a2200133Ia 4500
008 - FIXED-LENGTH DATA ELEMENTS--GENERAL INFORMATION
fixed length control field 220217s9999||||xx |||||||||||||| ||und||
020 ## - INTERNATIONAL STANDARD BOOK NUMBER
International Standard Book Number 81-312-0837-0
082 ## - DEWEY DECIMAL CLASSIFICATION NUMBER
Classification number 004.165 CUR
100 ## - MAIN ENTRY--PERSONAL NAME
Personal name Curtis, Keith, E
9 (RLIN) 5885
245 #0 - TITLE STATEMENT
Title Embedded multitasking with small microcontroller
260 ## - PUBLICATION, DISTRIBUTION, ETC.
Place of publication, distribution, etc. Newnes and Elsevier
Name of publisher, distributor, etc. Noida
Date of publication, distribution, etc. 2007
300 ## - PHYSICAL DESCRIPTION
Other physical details 595
650 ## - SUBJECT ADDED ENTRY--TOPICAL TERM
Topical term or geographic name entry element MICROPROCESSOR
Holdings
Withdrawn status Lost status Damaged status Not for loan Collection code Home library Current library Shelving location Date acquired Full call number Barcode Date last seen Price effective from Koha item type
        Computer Science and Engineering Central Library Central Library Book Cart 02/18/2022 004.165 CUR 12268 02/18/2022 02/18/2022 Books

Powered by Koha